000 00515pab a2200181 454500
008 180718b2011 xxu||||| |||| 00| 0 eng d
100 _aSchillemans, Thomas
245 _aDoes horizontal accountability work? Evaluating potential remedies for the accountability deficit of agencies
260 _c2011
300 _ap.387-416.
362 _aMar
650 _aDemocracy
650 _aAccountability
650 _aPublic administration
773 _aAdministration and Society
908 _aN
909 _a93247
999 _c93247
_d93247